000
00215nam a22000857a 4500
008
161028b xxu||||| |||| 00| 0 eng d
100
_9
982
_a
Raja.P.
245
_a
Hindi Book
260
_a
New Delhi
_b
R.P.B. Publications
_c
2009
999
_c
3641
_d
3641